Statistics for Animals - Maroon 5 - All Lyrics

Click here to take the quiz!

General Stats

  • This quiz has been taken 97 times
  • The average score is 358 of 451

Answer Stats

Answer% Correct
a
98%
animal
98%
I
98%
Like
98%
like
98%
Yo-oh-ooh,
98%
you
97%
(You
97%
You
97%
you,
97%
Baby,
95%
baby,
95%
Just
95%
Oh
95%
(Oh)
95%
oh-oh,
95%
oh-ooh
95%
Oww!
95%
whoa-oh,
95%
Animals
94%
animals
94%
animals,
94%
animals-mals
94%
do,
94%
do
94%
down,
92%
Hunt
92%
to
92%
alive
91%
lie)
91%
l-l-l-lie
91%
eat
89%
I'm
89%
I'm-
89%
on
89%
tonight
89%
can
88%
me?
86%
me,
86%
me
86%
preying
85%
your
82%
can't
80%
from
80%
in
80%
smell
80%
But
78%
but
78%
hide
78%
the
77%
The
77%
yeah,
77%
yeah
77%
Yeah,
77%
(Yeah)
77%
be,
75%
it
75%
miles
75%
(Miles)
75%
No
75%
(No,
75%
no,
75%
no
75%
that
75%
away
72%
So
72%
so
72%
stay
71%
think
71%
scent
69%
what
69%
It's
68%
it's
68%
pretend
68%
we
68%
run
66%
run,
66%
when
66%
hear
65%
meant
65%
inside
63%
insi-si-si-side
63%
You're
63%
fish
62%
sea
62%
sound
60%
over,
58%
still
58%
find
57%
making
57%
was
57%
free
55%
get
55%
ground
55%
Maybe
54%
my
54%
other
54%
deny)
52%
deny
52%
deny-ny-ny-ny
52%
start
52%
we're
52%
don't
51%
Don't
51%
entirely
51%
trying
49%
head,
48%
stop,
48%
beast
46%
out
46%
tell
45%
wanna
45%
drug
43%
if
43%
killing
43%
not
43%
that's
43%
cut
42%
enemies
42%
enough
42%
high
42%
love
42%
comes
40%
'em
38%
girl,
38%
forever
37%
rolling
37%
stuck
37%
along
35%
I'll
35%
up
35%
Taking
31%
lies,
28%

Score Distribution

Percentile by Number Answered

Percent of People with Each Score

Your Score History

You have not taken this quiz